[Event "Barquisimeto Cup Lara op"]
[Site "Barquisimeto"]
[Date "2019.02.16"]
[Round "4.4"]
[White "Colmenarez Orsini, Ricardo Elias"]
[Black "Acosta Puerta, Eli Angelo"]
[Result "1-0"]
[WhiteElo "1856"]
[BlackElo "1476"]
[PlyCount "85"]
[EventDate "2019.02.15"]
[EventType "swiss"]
[EventRounds "5"]
[EventCountry "VEN"]
[SourceTitle "EXT 2022"]
[Source "ChessBase"]
[SourceDate "2021.10.06"]
[SourceVersion "1"]
[SourceVersionDate "2021.10.06"]
[SourceQuality "1"]

1. d4 d5 2. c4 c6 3. Nf3 Nf6 4. Nc3 e6 5. Bg5 Be7 6. e3 0-0 7. Qc2 h6 8. Bh4 dxc4 9. Bxc4 Nd5 10. Bxe7 Qxe7 11. 0-0 Nd7 12. e4 Nxc3 13. bxc3 Nf6 14. Bb3 b6 15. c4 Bb7 16. Rfe1 Rad8 17. Rad1 Nh7 18. h4 c5 19. d5 e5 20. Qc3 f6 21. Rd3 Rd6 22. Bd1 Bc8 23. Nh2 Kh8 24. Bg4 Bxg4 25. Nxg4 Qf7 26. Ne3 g6 27. Ng4 Qg7 28. Rg3 h5 29. Ne3 Qf7 30. a4 Rg8 31. Rb1 Qe7 32. Rb5 Qd7 33. a5 Qc7 34. Qb2 Nf8 35. Nd1 Nd7 36. Nc3 a6 37. Rb3 Kh7 38. Na4 b5 39. cxb5 Qxa5 40. Nc3 Nb6 41. bxa6 Qxa6 42. Nb5 Na4 43. Qa2 1-0

[Event "Barquisimeto Divina Pastora op"]
[Site "Barquisimeto"]
[Date "2019.01.20"]
[Round "5"]
[White "Acosta Puerta, Eli Angelo"]
[Black "Suarez Sierralta, Jesus Raul"]
[Result "0-1"]
[WhiteElo "1461"]
[BlackElo "1819"]
[PlyCount "61"]
[EventDate "2019.01.18"]
[EventType "swiss"]
[EventRounds "5"]
[EventCountry "VEN"]
[SourceTitle "EXT 2021"]
[Source "ChessBase"]
[SourceDate "2020.10.23"]
[SourceVersion "1"]
[SourceVersionDate "2020.10.23"]
[SourceQuality "1"]

1. d4 Nf6 2. c4 g6 3. Nc3 Bg7 4. e4 d6 5. g3 0-0 6. Bg2 Nbd7 7. Nge2 e5 8. 0-0 exd4 9. Nxd4 a5 10. Be3 Re8 11. Rc1 Nc5 12. f3 c6 13. Qd2 Nfd7 14. Rf2 Ne5 15. Bf1 Qe7 16. Nb3 Nxb3 17. axb3 f5 18. Rd1 fxe4 19. Nxe4 Nxf3+ 20. Rxf3 Qxe4 21. Bg2 Qe7 22. Bg5 Qc7 23. Qxd6 Qxd6 24. Rxd6 Bxb2 25. Bf6 Bxf6 26. Rdxf6 Bf5 27. Rd6 Rad8 28. Rxd8 Rxd8 29. Re3 Kf7 30. Re5 Rd6 31. Rxa5 0-1

[Event "Barquisimeto Divina Pastora op"]
[Site "Barquisimeto"]
[Date "2019.01.19"]
[Round "3"]
[White "Galavis, Manuel Alejandro"]
[Black "Acosta Puerta, Eli Angelo"]
[Result "0-1"]
[WhiteElo "1483"]
[BlackElo "1461"]
[PlyCount "54"]
[EventDate "2019.01.18"]
[EventType "swiss"]
[EventRounds "5"]
[EventCountry "VEN"]
[SourceTitle "EXT 2021"]
[Source "ChessBase"]
[SourceDate "2020.10.23"]
[SourceVersion "1"]
[SourceVersionDate "2020.10.23"]
[SourceQuality "1"]

1. e4 e5 2. Nf3 d6 3. Bc4 Be7 4. Nc3 Nf6 5. 0-0 0-0 6. d4 exd4 7. Nxd4 c5 8. Nde2 Nc6 9. Bf4 Be6 10. Nd5 Ne5 11. Bxe5 dxe5 12. Nec3 a6 13. a4 Ne8 14. f3 Nd6 15. Be2 Bg5 16. b3 c4 17. Bxc4 Nxc4 18. bxc4 Rc8 19. Qd3 Qa5 20. Rab1 Qxd5 21. Kh1 Qxc4 22. Rxb7 Bd5 23. Nxd5 Qxc2 24. Qxa6 Ra8 25. Ra7 Rxa7 26. Qxa7 f5 27. Qe3 Re8 0-1